| 000 | 00364pab a2200133 454500 | ||
|---|---|---|---|
| 008 | 180718b xxu||||| |||| 00| 0 eng d | ||
| 100 | _aSubramaniam Chitra | ||
| 245 | _aGATT: India's unworthy role | ||
| 362 | _a32(25), 7 May 1994 p.6,34 | ||
| 650 | _a General Agreement on Trade and Tariff | ||
| 650 | _aInternational Trade | ||
| 773 | _aMainstream | ||
| 909 | _a26839 | ||
| 999 |
_c26839 _d26839 |
||